000 01165nam a2200325 i 4500
001 11651
003 KOSZ 005
005 20200630132824.0
008 071001s1966 pl a f 001 0 pol
015 _aPB 1967/58
040 _aWA N
_cKOSZ 005/RW
_dKOSZ 005/RW
_dKOSZ 005/HR
046 _k1966
080 _a620.197
080 _a624.01/.07:531
100 1 _aWoźniak, Czesław
_d(1931-2015)
_eAutor
245 1 0 _aNieliniowa teoria powłok /
_cCzesław Woźniak ; Instytut Podstawowych Problemów Techniki Polskiej Akademii Nauk.
260 _aWarszawa :
_bPaństwowe Wydawnictwo Naukowe,
_c1966.
300 _a208 s. :
_bil., err. ;
_c25 cm.
380 _aKsiążki.
388 _a1901-2000
490 1 _aBiblioteka Mechaniki Stosowanej
504 _aBibliogr. s. [204]-206. Indeks.
658 _aArchitektura i budownictwo
650 4 _aPowłoki ochronne
650 4 _aMechanika budowli
710 2 _aPaństwowe Wydawnictwo Naukowe
_4pbl.
856 _uhttp://koha.tu.koszalin.pl/cgi-bin/koha/opac-detail.pl?biblionumber=11651
_yKatalog online BPK
830 0 _aBiblioteka Mechaniki Stosowanej
942 _2UKD
_cKS
999 _c11651
_d11651